Municipios mas poblados de Almería - Estadísticas

Estadísticas generales
  • Esta prueba ha sido intentada 49 veces
  • La puntuación promedio es 10 de 14
Estadísticas de respuestas
Población Municipio % Correcto
202.675 Almería
100%
89.975 El Ejído
95%
106.510 Roquetas de Mar
93%
32.858 Níjar
78%
25.195 Adra
73%
18.507 Huércal de Almería
73%
20.425 Huércal-Overa
73%
28.245 Vícar
70%
18.919 Vera
68%
12.917 Berja
55%
11.247 Pulpí
50%
15.023 Cuevas del Almanzora
48%
12.311 Albox
45%
10.336 Garrucha
33%
No se encontraron pruebas coincidentes
Distribución de puntuación
Porcentaje de gente con cada puntuación
Porcentaje por número respondido
Historial de tus puntuaciones
No has intentado esta prueba.